| 000 | 00752nam a2200241 4500 | ||
|---|---|---|---|
| 003 | OSt | ||
| 005 | 20240614083923.0 | ||
| 006 | a | ||
| 008 | 240614b |||||||| |||| 00| 0 eng d | ||
| 020 | _a9780826424037 | ||
| 040 |
_aDWCL-Main lib. _cOC |
||
| 082 | _aCirc. 421.5 R731e 2011 | ||
| 100 | _aRogerson-Revell, Pamela | ||
| 245 | _aEnglish phonology and pronunciation teaching / | ||
| 260 |
_aLondon : _bContinuum Int’l Pub., _cc2011. |
||
| 300 |
_aix, _b352 p. : ill. ; _c25 cm. |
||
| 504 | _aIncludes glossary & index. | ||
| 650 | _a1. English language–Phonology. | ||
| 650 | _a2. English language–Phonetics. | ||
| 650 | _a3. English language–Pronunciation. | ||
| 700 | _aPamela Rogerson-Revell | ||
| 942 |
_2ddc _n0 _cBK-CIRC _kCirc. |
||
| 999 |
_c736 _d736 |
||